[Event "Sarajevo Bosnia 32nd"]
[Site "Sarajevo"]
[Date "2002.05.30"]
[Round "9"]
[White "Dreev, Alexey"]
[Black "Kurajica, Bojan"]
[Result "1/2-1/2"]
[WhiteElo "2677"]
[BlackElo "2555"]
[Annotator "Hecht,H"]
[PlyCount "159"]
[EventDate "2002.05.22"]
[EventType "tourn"]
[EventRounds "9"]
[EventCountry "BIH"]
[EventCategory "16"]
[SourceTitle "CBM 090"]
[Source "ChessBase"]
[SourceDate "2002.09.20"]
[SourceVersion "1"]
[SourceVersionDate "2002.09.20"]
[SourceQuality "1"]

1. d4 Nf6 2. c4 e6 3. Nf3 b6 4. a3 Ne4 5. g3 Bb7 6. Bg2 g6 7. O-O Bg7 8. Qc2
O-O 9. Rd1 f5 10. Bf4 Qc8 11. d5 d6 12. dxe6 Nc6 13. Be3 Re8 14. Nbd2 Nd8 15.
Rac1 Nxe6 16. b4 Nc3 17. Re1 d5 18. cxd5 Nxd5 19. Nf1 a5 20. Bd2 axb4 21. axb4
Qd7 22. e4 Ne7 23. Ng5 Nxg5 24. Bxg5 Bxe4 25. Bxe4 fxe4 26. Rxe4 Nd5 27. Ne3
Nxe3 28. Bxe3 Be5 29. Bf4 Bxf4 30. Qc4+ Kg7 31. Rxf4 Rac8 32. b5 Qe6 33. Qd4+
Kg8 34. Rc6 Qb3 35. Qd7 Rcd8 36. Qg4 Qxb5 37. Rxg6+ Kh8 38. Re6 Rxe6 39. Qxe6
Rd1+ 40. Kg2 Qf1+ 41. Kf3 Qd3+ 42. Kg4 Qg6+ 43. Qxg6 hxg6 44. Rf7 Rc1 45. Kg5
b5 46. Kxg6 Rc6+ 47. Kf5 Rc2 48. f4 b4 49. Rf8+ Kg7 50. Rb8 Rxh2 51. Rxb4 {
[#] Die Seite mit dem Einzelfreibauern rettet sich, weil der weiße Turm keine
aktive Aufstellung findet.} Rh5+ 52. Ke6 $5 (52. Ke4 $142 {was g4 sichert und
die weißen Steine besser zusammenspielen läßt}) 52... Rh6+ 53. Ke5 Rg6 {
[%csl Rg3]} 54. Rb3 c5 55. Rc3 c4 56. f5 (56. Kd5 Kf6 57. Kxc4 Kf5 58. Kd4 Rg8
{und Weiß steht vor erheblichen technischen Problemen wegen der
Schutzbedürftigkeit des Bg3. Plan A: Te3, Kd4-d3-e2-f2, um den Turm mobil zu
machen.} 59. Re3 Rg7 60. Kd3 ({Plan B:} 60. Kd5 Rd7+ 61. Kc6 Rd1 ({bzw.} 61...
Rg7 62. Kd6 Kf6 63. Rf3 Kf5) 62. Re5+ Kg6 {und wo bleibt der Gewinn...?}) 60...
Rg8 61. Ke2 {und das Gegenmittel:} Kg4 62. Kf2 Ra8 63. Re5 Ra2+ 64. Ke3 Kxg3
$11) 56... Rg4 57. Ra3 Kf7 58. Ra7+ Kg8 59. Ra3 Kf7 60. Re3 Rg8 61. Rc3 Re8+
62. Kd5 Kf6 63. g4 Rd8+ 64. Kc5 (64. Kxc4 $5 Kg5 65. Rg3 (65. Rd3 Rc8+ 66. Kd5
Kxg4 67. Ke6 Rc6+ $11) 65... Kf4 66. Rg1 Kg5 67. Kc5 Rd7 68. Kc6 Rd8 69. Kc7
Rd2 70. Rf1 Kf6 71. g5+ $18) 64... Rc8+ 65. Kb5 Rb8+ 66. Kc6 Rc8+ 67. Kd5 Rd8+
68. Ke4 Rc8 69. Kf4 Rc5 70. g5+ Kf7 {Der passive Tc3 hindert Weiß endgültig am
Gewinn.} 71. Ke4 Kg7 72. Kf4 Kf7 73. Kg4 Kg7 74. Ra3 c3 75. Ra7+ Kg8 76. Ra8+
Kg7 77. Ra7+ Kg8 78. Ra8+ Kg7 79. Ra7+ Kg8 80. Ra8+ 1/2-1/2

[Event "Moscow Aeroflot op"]
[Site "Moscow"]
[Date "2002.02.07"]
[Round "4"]
[White "Bocharov, Dmitry"]
[Black "Moiseenko, Alexander"]
[Result "0-1"]
[WhiteElo "2452"]
[BlackElo "2559"]
[Annotator "Hecht,H"]
[PlyCount "84"]
[EventDate "2002.02.04"]
[EventType "swiss"]
[EventRounds "9"]
[EventCountry "RUS"]
[SourceTitle "CBM 088"]
[Source "ChessBase"]
[SourceDate "2002.03.21"]
[SourceVersion "1"]
[SourceVersionDate "2002.03.21"]
[SourceQuality "1"]

1. d4 Nf6 2. Nf3 e6 3. c4 b6 4. a3 Ba6 5. Qc2 c5 6. e4 cxd4 7. e5 Ng8 8. Nxd4
Ne7 9. Bf4 Nbc6 10. Nf3 Nf5 11. Nc3 Be7 12. O-O-O g5 13. g4 Nh6 14. Bg3 Nxg4
15. Qe4 h5 16. h4 Bb7 17. hxg5 Nd4 18. Qxd4 Bxf3 19. Be2 Bxg5+ 20. Kb1 Bxh1 21.
Rxh1 f5 22. Nb5 Be7 23. f3 Nh6 24. Rxh5 Nf7 25. Rxh8+ Nxh8 26. Nd6+ Bxd6 27.
exd6 Kf7 28. Bh4 Qf8 29. f4 Qg7 30. Bh5+ Ng6 31. Qg1 Qh6 32. Bxg6+ Qxg6 {
[#] Bei verschachtelter Stellung und relativ offener Königsposition hat
Schwarz Probleme mit der Figurenkoordination.} 33. Qh1 Rb8 $1 {[%csl Gb7]} (
33... Rh8 $2 34. Qb7 $1 Rxh4 35. Qxd7+ Kg8 36. Qd8+ $18 {[%csl Rh4]}) 34. Bg5
Kg8 (34... e5 $5) 35. Ka2 Qh7 36. Qg2 Kf7 37. Qc2 a5 38. Qa4 Ke8 39. Qb5 Qh8
40. c5 $2 (40. Qb3 $142) 40... Qd4 $1 41. Qe2 (41. c6 Qxd6 42. cxd7+ Qxd7 43.
Qe5 Qd5+ $19) 41... bxc5 {[%csl Rb2]} 42. Qh5+ Kf8 (42... Kf8 43. Bh6+ (43.
Qh6+ Qg7 44. Qh2 Kg8 $19) 43... Kg8 44. Qg6+ Kh8 $19) 0-1

[Event "RUS-Cup03 Geller Memorial"]
[Site "Moscow"]
[Date "1999.02.07"]
[Round "6"]
[White "Feoktistov, Alexey A"]
[Black "Lastin, Alexander"]
[Result "0-1"]
[WhiteElo "2390"]
[BlackElo "2558"]
[Annotator "Hecht,H"]
[PlyCount "134"]
[EventDate "1999.02.10"]
[EventType "swiss"]
[EventRounds "9"]
[EventCountry "RUS"]
[SourceTitle "CBM 070"]
[Source "ChessBase"]
[SourceDate "1999.06.08"]
[SourceVersion "1"]
[SourceVersionDate "1999.06.08"]
[SourceQuality "1"]

1. d4 Nf6 2. Bg5 e6 3. c4 h6 4. Bxf6 Qxf6 5. Nc3 b6 6. Nf3 Bb7 7. e4 d6 8. Qd2
Nd7 9. Nb5 Qd8 10. Bd3 a6 11. Nc3 g5 12. O-O Bg7 13. Bc2 g4 14. Ne1 Qg5 15. Qe3
c5 16. d5 Ne5 17. Qe2 Ke7 18. f4 gxf3 19. Nxf3 Nxf3+ 20. Rxf3 Be5 21. Raf1 Raf8
22. Kh1 Rhg8 23. Qf2 Qg7 24. Qh4+ Qg5 25. Qf2 Qh5 26. h3 Bd4 27. Qd2 Qg5 28.
Qxg5+ hxg5 29. Ne2 g4 30. hxg4 Bxb2 31. Rb1 Be5 32. dxe6 fxe6 33. Rxb6 Bc8 34.
Rb8 d5 35. Ra8 dxc4 36. Ra7+ Kd6 37. Kg1 Bd4+ 38. Kf1 Rd8 39. Rff7 Rxg4 40. Ng1
Rh8 41. Nh3 Rhg8 42. Ra8 Rg3 43. Nf4 Ke5 44. Ne2 Ra3 45. Nxd4 cxd4 46. Rc7 Rc3
47. Ba4 Bd7 48. Rxg8 Bxa4 49. Rc5+ Kf4 50. Rf8+ Kxe4 51. Rf6 Rc1+ 52. Kf2 Rc2+
53. Kf1 Rxa2 54. Rxe6+ Kd3 55. Rxa6 c3 56. g4 c2 57. g5 Kd2 58. Rd6 d3 59. g6
Bb3 60. g7 Ra7 61. Rg6 c1=Q+ 62. Rxc1 Kxc1 63. g8=Q Bxg8 64. Rxg8 {[#]
Elementare Gewinnmethode: Brückenbau} Rf7+ 65. Kg2 d2 66. Rc8+ Kd1 67. Kg3 Rf5
(67... Rf5 68. Kg4 (68. Rc7 Ke2 69. Re7+ Kd3 70. Rd7+ Ke3 71. Kg2 (71. Re7+ Kd4
72. Rd7+ Rd5 $19) 71... Rf4 72. Re7+ Re4 73. Rd7 Rd4 $19) 68... Rf1 69. Kg3 Ke2
70. Re8+ Kd3 71. Rd8+ Kc3 72. Rc8+ Kb4 $19) 0-1

[Event "Bad Endbach"]
[Site "Bad Endbach"]
[Date "1995.??.??"]
[Round "?"]
[White "Mikhalevski, Victor"]
[Black "Lau, Ralf"]
[Result "0-1"]
[WhiteElo "2525"]
[BlackElo "2490"]
[Annotator "Hecht,H"]
[PlyCount "168"]
[EventDate "1995.04.??"]
[EventType "tourn"]
[EventRounds "11"]
[EventCountry "GER"]
[EventCategory "11"]
[SourceTitle "CBM 047"]
[Source "ChessBase"]
[SourceDate "1995.08.01"]
[SourceVersion "1"]
[SourceVersionDate "1995.08.01"]
[SourceQuality "1"]

1. d4 e6 2. c4 b6 3. a3 Bb7 4. Nc3 Nf6 5. Nf3 g6 6. Qc2 Bxf3 7. gxf3 Nc6 8. e3
Bg7 9. f4 O-O 10. Bg2 Rb8 11. b4 a5 12. b5 Ne7 13. a4 Nf5 14. Ba3 Re8 15. O-O
Nh4 16. Bh1 Ng4 17. Ne4 f5 18. Qe2 h6 19. h3 Nf6 20. Ng3 Kh7 21. Kh2 Rg8 22.
Rad1 Qe8 23. d5 g5 24. d6 gxf4 25. exf4 cxd6 26. Bxd6 Ng6 27. Rfe1 Bf8 28. Be5
Be7 29. Rd4 Qf7 30. Red1 Rbd8 31. Qd3 Nf8 32. Nxf5 exf5 33. Qxf5+ Qg6 34. Qxg6+
Rxg6 35. Bc7 Ne6 36. Bxd8 Nxd8 37. Be4 Nxe4 38. Rxe4 Bd6 39. Red4 Nb7 40. Re1
Kg7 41. Re8 Nc5 42. Kh1 Rf6 43. f5 Nxa4 44. Rg4+ Kf7 45. Rh8 Bf8 46. Rh7+ Ke8
47. c5 Nxc5 48. Rg6 Ne4 49. f3 Rxg6 50. fxg6 Ng3+ 51. Kg2 Nh5 52. Rh8 {R<->BN
Motive: je 2 Frei-B, dubioses Zugpaar 55, Frei-B-Verwertung, Technik} a4 53. g7
Nxg7 54. Rxh6 Ne6 55. Rh4 Bd6 $6 (55... a3 56. Ra4 Nc7 $19) 56. Kg1 $6 (56.
Rxa4 $1 Nc7) 56... Bf4 57. Rh8+ Ke7 58. Ra8 Nc5 59. Kg2 Bc1 60. Kf1 Bb2 61. Ke2
a3 62. Kd1 Nb3 63. h4 Na5 64. Kc2 Bf6 65. Kb1 Bxh4 66. Ka2 Nc4 67. Rc8 d5 68.
Rc6 Bf2 69. f4 Bc5 70. Rg6 Nd6 71. Rg7+ Kf6 72. Rg5 Nxb5 73. Kb3 Nd4+ 74. Ka2
Nc6 75. Rh5 Ne7 76. Kb3 d4 77. Ka2 Ng6 78. Rh6 Kf5 79. Rh7 Nxf4 80. Kb3 Ke4 81.
Rh8 Kd5 82. Kc2 Kc4 83. Rh4 Nd5 84. Kb1 b5 0-1

[Event "Haifa"]
[Site "Haifa"]
[Date "1995.??.??"]
[Round "5"]
[White "Greenfeld, Alon"]
[Black "Gurevich, Mikhail"]
[Result "1/2-1/2"]
[WhiteElo "2580"]
[BlackElo "2605"]
[Annotator "Hecht,H"]
[PlyCount "97"]
[EventDate "1995.01.??"]
[EventType "tourn"]
[EventRounds "11"]
[EventCountry "ISR"]
[EventCategory "14"]
[SourceTitle "CBM 046"]
[Source "ChessBase"]
[SourceDate "1995.06.01"]
[SourceVersion "1"]
[SourceVersionDate "1995.06.01"]
[SourceQuality "1"]

1. d4 Nf6 2. Nf3 e6 3. c4 b6 4. a3 Bb7 5. Nc3 d5 6. Bg5 Be7 7. Qa4+ c6 8. cxd5
Nxd5 9. Bxe7 Nxc3 10. Qxc6+ Nxc6 11. Bxd8 Nb5 12. Bg5 Nbxd4 13. Nxd4 Nxd4 14.
Rd1 h6 15. Bf4 Rd8 16. Rc1 O-O 17. e3 Nc6 18. Bb5 Ne7 19. O-O a6 20. Rc7 Be4
21. Bxa6 Nd5 22. Rcc1 Nxf4 23. exf4 Rd2 24. f3 Bd5 25. Rf2 Rd4 26. g3 Rd8 27.
Rcc2 Rd1+ 28. Kg2 g5 29. fxg5 hxg5 30. Be2 Rd4 31. Kf1 Kg7 32. Bb5 f5 33. Bc6
Bc4+ 34. Kg2 Rc8 35. Bb5 Rc5 36. Bxc4 Rdxc4 37. Rxc4 Rxc4 38. Rd2 b5 39. Kf2 b4
40. Ke2 bxa3 41. bxa3 Ra4 42. Ra2 {Der wR steht zwar hinter dem Freibauern,
aber der sR blockiert aktiv auf der 4. Reihe. Schwarz verschafft sich genügend
Gegenspiel durch zentrale Freibauernbildung.} e5 43. Kd2 Kf6 44. Kc3 e4 $1 45.
Kb3 Ra8 46. fxe4 f4 47. a4 Ke5 48. gxf4+ gxf4 49. Kc3 (49. Kc3 Kxe4 50. Kd2 (
50. a5 Ke3 $10) 50... Ra5 51. Ke2 Rh5 52. Kf1 Ra5 53. Kg2 (53. h3 Rh5 54. Kg2
Rg5+ 55. Kf2 (55. Kh2 f3 $10) 55... Rg3 56. a5 Rxh3 57. Ra4+ Kd5 58. a6 Rh8 $10
) 53... Rg5+ 54. Kh3 f3 55. a5 f2 $10) 1/2-1/2

[Event "Capablanca Memorial Elite 33rd"]
[Site "Havana"]
[Date "1998.05.13"]
[Round "5"]
[White "Bacrot, Etienne"]
[Black "Agdestein, Simen"]
[Result "0-1"]
[WhiteElo "2565"]
[BlackElo "2570"]
[Annotator "Hecht,H"]
[PlyCount "132"]
[EventDate "1998.05.07"]
[EventType "tourn"]
[EventRounds "11"]
[EventCountry "CUB"]
[EventCategory "12"]
[SourceTitle "CBM 065"]
[Source "ChessBase"]
[SourceDate "1998.08.06"]
[SourceVersion "1"]
[SourceVersionDate "1998.08.06"]
[SourceQuality "1"]

1. d4 Nf6 2. Nf3 e6 3. c4 b6 4. a3 Bb7 5. Nc3 d5 6. Bg5 Be7 7. Qa4+ c6 8. Bxf6
Bxf6 9. cxd5 exd5 10. g3 O-O 11. Rd1 b5 12. Qc2 a5 13. Bh3 Ba6 14. Na2 Be7 15.
Nc1 Qb6 16. O-O Ra7 17. Nd3 b4 18. Nc5 b3 19. Nxb3 Rb7 20. Nc5 Bxc5 21. dxc5
Qxb2 22. Qxb2 Rxb2 23. Rb1 Rxe2 24. Rb6 Re4 25. Rfb1 Bb5 26. Bf1 Nd7 27. Bxb5
Nxb6 28. Bd3 Nd7 29. Bxe4 dxe4 30. Nd4 Rb8 31. Rxb8+ Nxb8 {[#] After the
reduction of pawn material, there arises an ending with 2-versus-3 pawns on
the kingside, which is normally not lost. [#] Nach Reduzierung des
Bauernmaterials ergibt sich ein Endspiel mit 2-3 Bauern am Königsflügel, was
normalerweise nicht verloren ist.} 32. a4 Nd7 33. Nxc6 Nxc5 34. Nxa5 Nxa4 35.
f3 Nc5 36. fxe4 Nxe4 {[#] White should perhaps most easily play Kg2, h4, Kf3,
and then bring his knight back into play. A little bit of a space grab is
definitely useful. [#] Weiß sollte vielleicht am einfachsten Kg2, h4, Kf3
spielen, und dann den Springer ins Spiel bringen. Ein wenig Raumgewinn ist
sicherlich nützlich.} 37. Nc6 g6 38. Kg2 f6 39. Kf3 Ng5+ 40. Ke3 Nh3 41. Nd4 {
In what follows, White avoids hunting down the h3 knight, and thereby allows
Black a greater capture of space. In der Folge weigert sich Weiß, den Sh3 zu
verjagen, und erlaubt Schwarz so größeren Raumgewinn.} h5 42. Nf3 Kf7 43. Nd4
f5 44. Ne2 g5 45. Nd4 Kg6 46. Kf3 Kf6 47. Ke3 g4 48. Ne2 Ke5 49. Nd4 Ng5 50.
Nc6+ Kf6 51. Nd4 Ke5 52. Nc6+ Kf6 53. Nd4 Ne4 54. Kf4 Nd6 55. Nc2 Nc8 56. Ke3
Ne7 57. Nb4 Ng6 58. Nd3 Kg5 59. Kf2 h4 60. gxh4+ $6 (60. Kg2 $5 {[%cal Rh2h3]}
h3+ 61. Kf2 $15 {The exchange of knights without a change in this pawn
structure would be an immediate draw. Springertausch ohne Veränderung der
Bauernstruktur ist sofort remis.}) 60... Kxh4 61. Kg1 Kg5 62. Kf2 Nf4 63. Nc5
Kh4 64. Nb7 $6 (64. Nb3 $5) 64... Nd3+ 65. Ke3 $2 (65. Kg1 f4 66. Nd6 Kg5 $17)
65... f4+ $1 {Now the offside position of the knight on b7 costs. From b3, the
horse would quickly come via d2 to victory. But also: jetzt rächt sich die
Abseitsstellung des Sb7. Bei der Position auf b3 käme das Ross via d2 schnell
wieder zur Kasse. So aber...} 66. Kxd3 g3 0-1

[Event "Leeuwarden op"]
[Site "Leeuwarden"]
[Date "1995.??.??"]
[Round "2"]
[White "Gretarsson, Helgi Ass"]
[Black "Hjartarson, Johann"]
[Result "1-0"]
[WhiteElo "2440"]
[BlackElo "2570"]
[Annotator "Hjartarson,J"]
[PlyCount "105"]
[EventDate "1995.08.??"]
[EventType "swiss"]
[EventRounds "9"]
[EventCountry "NED"]
[SourceTitle "CBM 048"]
[Source "ChessBase"]
[SourceDate "1995.10.01"]
[SourceVersion "1"]
[SourceVersionDate "1995.10.01"]
[SourceQuality "1"]

1. d4 Nf6 2. c4 e6 3. Nf3 b6 4. Nc3 Bb4 5. Qb3 c5 6. a3 (6. Bg5 Bb7 7. e3 O-O
8. Bd3 $5 cxd4 (8... d5) 9. Qxb4 (9. exd4 $6 Be7 {xNf3}) 9... Na6 $1 10. Qa3
dxc3 11. Qxc3 Nc5 12. Bc2 Rc8 13. Qd4 (13. O-O $6 Nce4 14. Bxe4 Nxe4 15. Bxd8
Nxc3 16. Be7 Rfe8 $15) 13... h6 14. Bxf6 (14. Bh4 $5) 14... Qxf6 15. Qxf6 gxf6
$10 {Poluljahov-Dokhoian/JUG-chT/1994}) 6... Ba5 7. Bg5 Bb7 8. O-O-O $5 $146 (
8. dxc5 $2 Na6 $1 9. cxb6 Nc5 10. Qc2 Be4 11. Qd1 Bxc3+ 12. bxc3 Qxb6 13. g3
Ng4 $1 $17 {Van Wely-Seirawan, Wijk aan Zee 1995}) (8. e3 h6 (8... Bxf3 $2 9.
gxf3 cxd4 10. exd4 Nc6 11. O-O-O Bxc3 12. Qxc3 Rc8 13. Kb1 $16 {
Kortschnoj-Pougaevskij/Reykjavik/1987}) 9. Bh4 O-O 10. Be2 $5 (10. Rd1 $5 {
Dzindzichashvili}) 10... cxd4 11. exd4 d5 $10 {Seirawan-Dzindzichashvili/New
York/1989}) 8... Bxc3 (8... O-O $5 9. d5 Bxc3 10. Qxc3 Ne4 11. Bxd8 (11. Qe3
Nxg5 12. Nxg5 exd5 13. cxd5 d6 $13) 11... Nxc3 12. bxc3 Rxd8 13. e4 $14) 9.
Qxc3 Ne4 10. Bxd8 (10. Qe3 $2 Nxg5 11. Nxg5 cxd4 12. Rxd4 Nc6 $15) 10... Nxc3
11. bxc3 Kxd8 12. d5 Ke7 13. e4 (13. d6+ $6 Kf6 $1 14. e3 Nc6 $15) 13... d6 14.
Bd3 (14. e5 $5 dxe5 15. Nxe5 (15. d6+ $2 Kf6 $17) 15... Rd8 $10) 14... Nd7 15.
Rhe1 Rad8 $10 16. a4 (16. e5 $2 dxe5 17. Nxe5 Nxe5 18. Rxe5 Rd6 $15) 16... h6 (
16... a5 $5 {/\e5,Rdf8,Kd8-c7}) 17. Kc2 (17. h4 $10) 17... g5 18. a5 bxa5 $1
19. Ra1 Ra8 20. Rxa5 f6 21. Nd2 Rhb8 22. g3 a6 23. Be2 (23. f4 $2 gxf4 24. gxf4
Rg8 $17) 23... Ne5 $5 24. Bh5 (24. f4 $2 gxf4 25. gxf4 Ng6 26. Rf1 e5 27. f5
Nf4 28. Bf3 Rg8 $17) 24... Bc8 25. f4 $6 (25. Rg1 $10) 25... Rb2+ $4 {
Fingerfehler, Black forgot to insert the pawn swap...} (25... gxf4 26. gxf4
Rb2+ $1 27. Kxb2 Nd3+ 28. Ka2 (28. Kc2 $2 Nxe1+ 29. Kd1 Nd3 $19) 28... Nxe1 29.
e5 $8 f5 $1 (29... fxe5 $2 30. fxe5 Nd3 31. exd6+ Kxd6 32. Ne4+ $18) 30. Nb3
Nd3 31. Bd1 $1 $13) 26. Kxb2 Nd3+ 27. Kc2 Nxe1+ 28. Kd1 Nd3 29. Be2 $18 Nf2+
30. Ke1 Nh3 31. Bg4 exd5 32. f5 Ng1 33. Kf1 h5 34. Bxh5 dxe4 35. Kxg1 Bxf5 36.
Bd1 Bg6 37. g4 Rb8 38. Kf2 Rh8 39. Nf1 Rh3 40. Rxa6 Rxc3 41. Ne3 Rc1 42. Ra7+
Ke6 43. Nd5 Rxc4 44. Bb3 Kxd5 45. Ra4 Ke5 46. Rxc4 Bf7 47. Rc3 Be8 48. Ke3 Bd7
49. Rc4 f5 50. gxf5 Bxf5 51. Ba4 Bh7 52. Bc6 Bf5 53. Rc1 1-0

[Event "Reykjavik Olafsson"]
[Site "Reykjavik"]
[Date "1995.??.??"]
[Round "4"]
[White "Olafsson, Helgi"]
[Black "Hjartarson, Johann"]
[Result "1/2-1/2"]
[WhiteElo "2470"]
[BlackElo "2570"]
[Annotator "Hjartarson,J"]
[PlyCount "120"]
[EventDate "1995.09.??"]
[EventType "tourn"]
[EventRounds "11"]
[EventCountry "ISL"]
[EventCategory "11"]
[SourceTitle "CBM 049"]
[Source "ChessBase"]
[SourceDate "1995.12.01"]
[SourceVersion "1"]
[SourceVersionDate "1995.12.01"]
[SourceQuality "1"]

1. d4 Nf6 2. c4 e6 3. Nf3 b6 4. a3 Ba6 5. Qc2 Bb7 6. Nc3 c5 7. e4 cxd4 8. Nxd4
Nc6 9. Nxc6 Bxc6 10. Bf4 Bc5 11. Be2 O-O 12. Rd1 a5 13. Bg3 (13. Bg5 h6 14. Bh4
e5 $1 $10 15. O-O Qe7 16. Kh1 g5 17. Bg3 Rab8 18. Bf3 (18. Nd5 $10) 18... Bd4
19. Ne2 Bc5 20. Nc3 Bd4 21. Rfe1 $6 g4 $1 22. Be2 Bxc3 23. bxc3 Qe6 $15 {
Dreev-Adams/London/active/1995}) 13... Qc8 14. e5 $1 $146 (14. O-O Qb7 15. Bf3
$8 (15. e5 $2 Ne4 $17) 15... Ne8 16. Rd3 d6 17. Rb1 a4 $10 {Gelfand-Adams/
Tilburg/1992/Inf/56/580}) 14... Ne8 15. Ne4 Be7 (15... Qb7 16. Nxc5 bxc5 17. f3
Rb8 18. Rd2 {xa5}) (15... Bxe4 $5 16. Qxe4 f5 $1 17. exf6 (17. Qf4 $2 Qc7 $10)
17... Nxf6 18. Qc2 Qe8 {Adams} 19. O-O $14) 16. O-O (16. h4 $5 h6 17. Ng5 $5
hxg5 18. hxg5 g6 19. Bf4 $44) 16... Qb7 17. f3 (17. Bd3 f5 18. exf6 gxf6 $13)
17... a4 $5 18. Rd2 (18. Qc3 $5 $14) 18... f5 $1 19. exf6 (19. Nc3 $2 f4 20.
Bf2 Rf5 21. Bd3 Rxe5 22. Bxh7+ Kh8 23. Bd4 Bc5 $1 $15) 19... gxf6 20. Rfd1 Rf7
$1 21. Nf2 (21. Nd6 Nxd6 22. Bxd6 Bxd6 23. Rxd6 Rg7 $10) 21... Bc5 22. Kh1 Ng7
23. Ne4 Nf5 24. Bf4 (24. Nxc5 Nxg3+ $1 25. hxg3 bxc5 $15 {xg3}) 24... Be3 $1
25. Bxe3 (25. Nd6 $2 Bxd2 $1 26. Nxb7 (26. Qxd2 Nxd6 27. Bxd6 $17) 26... Bxf4
$19) 25... Nxe3 26. Qc3 $2 (26. Nxf6+ $1 Rxf6 27. Qc3 Rxf3 (27... Nxd1 $6 28.
Qxf6 Nf2+ 29. Kg1 Nh3+ 30. gxh3 Rf8 31. Qg5+ Kf7 $16) 28. Bxf3 Nxd1 29. Bxc6
Qxc6 30. Rxd1 Rf8 31. Qg3+ Kh8 32. h3 $14) 26... Nxd1 27. Nxf6+ Kg7 28. Nh5+
Kf8 (28... Kh6 $2 29. Bxd1 Kxh5 30. Qe5+ Rf5 $8 (30... Kh6 31. Rd4 Rf5 32. Rh4+
Kg6 33. Bc2) 31. g4+ Kh6 32. Qe3+ $1 $16) 29. Bxd1 Ra5 30. Nf6 Qc7 31. Ng4 Qf4
(31... h5 $5) 32. Qh8+ (32. Rd4 $5 Qg5 33. Qb4+ Qc5 34. Qd2 $13) 32... Ke7 33.
Rd4 Ra8 $1 (33... Qg5 34. Qb8 Qc5 35. Rd2 Ra8 36. Qg3 $44) 34. Qe5 Qxe5 35.
Nxe5 Rf5 36. Nd3 $1 (36. f4 Raf8 $1 37. Nxc6+ dxc6 38. g3 Rd8 39. Rxd8 Kxd8 40.
Bxa4 Rc5 $17) 36... d6 37. Kg1 Be8 38. f4 h5 $15 39. Kf2 Rc8 40. Ke3 Ra5 41. g3
Bg6 42. Nb4 Rac5 43. Be2 Bf7 44. Rd2 Be8 45. Rd1 Ra8 46. h3 b5 47. Bf3 Rac8 48.
cxb5 Bxb5 49. Rd2 Be8 50. Bd1 Ra5 51. Bc2 Bd7 52. g4 $5 hxg4 53. hxg4 Rh8 54.
f5 $1 $10 exf5 55. Bxf5 Re5+ 56. Kf4 Rh1 (56... Bxf5 57. Nc6+ Kf6 (57... Ke6
58. Nd4+ $1) 58. g5+ $1 Kg6 59. Rxd6+ Re6 60. Ne7+ Kf7 61. Nxf5 Rxd6 62. Nxd6+
Kg6 63. Nc4 $10) 57. Nd5+ Kd8 58. Ne3 Ke7 59. Nd5+ Kd8 60. Ne3 Ke7 1/2-1/2